000 00591nam a2200193 a 4500
005 20140412111409.0
008 070814s19uu xx 00 eng d
020 _a0-439-67844-7
050 _aTR(PS E
_bAg3 2004
100 _aRash, Andy
245 _aAgent A to Agent Z /
_cAndy Rash.
260 _aNew York :
_bArthur A. Levine books,
_c2004.
300 _a1 v. (unpaged)
520 _aA spy named agent A inspects his fellow spies, all similariy named after letters of alphabet.
650 _aAlphabet
650 _aSpies
_xFiction
650 _aStories in rhyme
999 _c105625
_d105625